[Event "27e Open International Avoine"]
[Site "Espace culturel d'Avoine-37420"]
[Date "2012.07.26"]
[Round "6.2"]
[White "Jolly, Jean-Francois"]
[Black "Bon, Michael"]
[Result "1/2-1/2"]
[WhiteElo "2409"]
[BlackElo "2304"]
[PlyCount "75"]
[EventDate "2012.??.??"]

1. e4 c5 2. Nf3 d6 3. d4 cxd4 4. Nxd4 Nf6 5. Nc3 a6 6. Be2 e6 7. Be3 Qc7 8. g4
d5 9. exd5 Nxd5 10. Nxd5 exd5 11. Qd2 Be7 12. O-O-O Nc6 13. f4 Bd7 14. Kb1 Rc8
15. g5 O-O 16. Bd3 Bc5 17. Nxc6 Qxc6 18. Bxc5 Qxc5 19. Rhe1 Rfe8 20. f5 d4 21.
f6 Re3 22. fxg7 Bf5 23. Bxf5 Qxf5 24. Rf1 Qe4 25. Qxd4 Qxc2+ 26. Ka1 Re2 27.
Qf6 Qg6 28. h4 Qxg7 29. a3 b5 30. Rd7 Qxf6 31. gxf6 Re6 32. h5 h6 33. Ka2 Kf8
34. Ra7 Rcc6 35. Ra8+ Re8 36. Ra7 Ree6 37. Ra8+ Re8 38. Ra7 1/2-1/2

[Event "27e Open International Avoine"]
[Site "Espace culturel d'Avoine-37420"]
[Date "2012.07.26"]
[Round "6.3"]
[White "Lagarde, Maxime"]
[Black "Payen, Arnaud"]
[Result "1/2-1/2"]
[WhiteElo "2505"]
[BlackElo "2351"]
[PlyCount "85"]
[EventDate "2012.??.??"]

1. e4 e5 2. Nf3 Nc6 3. Bb5 a6 4. Bxc6 dxc6 5. d3 f6 6. Be3 Be6 7. Nbd2 c5 8.
Qe2 Bd6 9. Nc4 Ne7 10. c3 Nc6 11. a3 a5 12. a4 O-O 13. Nh4 Qd7 14. h3 Rad8 15.
g4 Be7 16. Rd1 Bxc4 17. dxc4 Qxd1+ 18. Qxd1 Rxd1+ 19. Kxd1 b6 20. Ke2 Rd8 21.
Nf5 Kf7 22. Bd2 Rd7 23. Rf1 Bf8 24. g5 g6 25. Nh4 fxg5 26. Bxg5 Be7 27. f4 exf4
28. Bxf4 Bxh4 29. Bg5+ Ke8 30. Bxh4 Ne5 31. b3 Rf7 32. Bg3 Re7 33. Bh4 Rf7 34.
Bg3 Re7 35. Ke3 Nf7 36. Bf4 Kd7 37. Rd1+ Ke6 38. h4 Rd7 39. Rg1 Ne5 40. Rg5 Nf7
41. Rd5 Re7 42. h5 Kf6 43. hxg6 1/2-1/2

[Event "27e Open International Avoine"]
[Site "Espace culturel d'Avoine-37420"]
[Date "2012.07.26"]
[Round "6.4"]
[White "Inkiov, Ventzislav"]
[Black "Godart, Francois"]
[Result "1-0"]
[WhiteElo "2460"]
[BlackElo "2317"]
[PlyCount "51"]
[EventDate "2012.??.??"]

1. d4 Nf6 2. c4 e5 3. dxe5 Ng4 4. e4 h5 5. Be2 Nc6 6. Nf3 Bc5 7. O-O Ncxe5 8.
Nxe5 Nxe5 9. Nc3 a6 10. Nd5 d6 11. b4 Ba7 12. c5 Be6 13. Bb2 O-O 14. f4 Bxd5
15. fxe5 Bxe4 16. exd6 Qxd6 17. Bxh5 Qxd1 18. Raxd1 Bc6 19. Rd3 f6 20. Rg3 Kh8
21. Re1 Be8 22. Re7 Bxh5 23. Rgxg7 Rfd8 24. Rh7+ Kg8 25. Reg7+ Kf8 26. Bxf6 1-0

[Event "27e Open International Avoine"]
[Site "Espace culturel d'Avoine-37420"]
[Date "2012.07.26"]
[Round "6.5"]
[White "Shirazi, Kamran"]
[Black "Kostiuk, Tatiana"]
[Result "1-0"]
[WhiteElo "2417"]
[BlackElo "2327"]
[PlyCount "93"]
[EventDate "2012.??.??"]

1. e4 e5 2. Nf3 Nc6 3. Bb5 a6 4. Ba4 Nf6 5. O-O b5 6. Bb3 Be7 7. Re1 d6 8. c3
O-O 9. d4 Bg4 10. h3 Bxf3 11. Qxf3 exd4 12. Qd1 dxc3 13. Nxc3 Na5 14. Bc2 Nc4
15. Ne2 d5 16. b3 Na3 17. e5 Nxc2 18. Qxc2 Ne4 19. Nd4 Qd7 20. Nc6 f6 21. Nxe7+
Qxe7 22. f3 Nd6 23. Bb2 fxe5 24. Rxe5 Qf7 25. Rd1 Qg6 26. Qxg6 hxg6 27. Rdxd5
Kf7 28. Rc5 Rfc8 29. Rc6 a5 30. Rec5 Ne8 31. a3 b4 32. a4 Ra7 33. Rg5 Nd6 34.
Bd4 Raa8 35. Be5 Ne8 36. Rg4 Rd8 37. Rf4+ Kg8 38. Rxg6 Rd5 39. Re4 Rd3 40. Rg5
Rxb3 41. Bxg7 Kf7 42. Bd4 Ra3 43. Rf5+ Kg6 44. Rf8 Ra6 45. Rg4+ Kh5 46. Rh8+
Rh6 47. Rxe8 1-0

[Event "27e Open International Avoine"]
[Site "Espace culturel d'Avoine-37420"]
[Date "2012.07.26"]
[Round "6.6"]
[White "Safranska, Anda"]
[Black "Song, Julien"]
[Result "0-1"]
[WhiteElo "2298"]
[BlackElo "2398"]
[PlyCount "58"]
[EventDate "2012.??.??"]

1. e4 e6 2. d3 b5 3. g3 Bb7 4. Bg2 d6 5. f4 Nd7 6. Nf3 Be7 7. O-O h5 8. h3 c5
9. Be3 Qc7 10. Nbd2 Ngf6 11. a3 Nb6 12. Bf2 Nfd7 13. c4 bxc4 14. dxc4 e5 15. b4
h4 16. fxe5 hxg3 17. Bxg3 dxe5 18. b5 Bf6 19. a4 a5 20. Qe2 Nf8 21. Nb1 Bc8 22.
Nc3 Bxh3 23. Nd5 Nxd5 24. exd5 Bxg2 25. Kxg2 Ng6 26. Rae1 O-O 27. Nxe5 Rfe8 28.
Rf5 Bxe5 29. Bxe5 Rxe5 0-1

[Event "27e Open International Avoine"]
[Site "Espace culturel d'Avoine-37420"]
[Date "2012.07.26"]
[Round "6.7"]
[White "Gerard, Nicolas"]
[Black "Colin, Vincent"]
[Result "0-1"]
[WhiteElo "2279"]
[BlackElo "2391"]
[PlyCount "70"]
[EventDate "2012.??.??"]

1. d4 Nf6 2. c4 d6 3. Nc3 e5 4. Bg5 h6 5. Bxf6 Qxf6 6. Nf3 c6 7. e3 Qe7 8. Be2
Nd7 9. O-O g6 10. b4 Bg7 11. dxe5 Nxe5 12. Nd4 O-O 13. Rb1 h5 14. b5 Bg4 15.
Qd2 c5 16. Nc2 Bxe2 17. Qxe2 Qh4 18. f4 Ng4 19. g3 Qxh2+ 20. Qxh2 Nxh2 21. Kxh2
Bxc3 22. Rfd1 Rad8 23. Rd3 Ba5 24. Rbd1 Rfe8 25. Rxd6 Rxd6 26. Rxd6 Re4 27. Rd7
Rxc4 28. Na1 Ra4 29. Nb3 Rxa2+ 30. Kh3 Bb6 31. Nd2 Rc2 32. Kh4 c4 33. Kg5 Kg7
34. Nf3 Rf2 35. Ne5 Bd8+ 0-1

[Event "27e Open International Avoine"]
[Site "Espace culturel d'Avoine-37420"]
[Date "2012.07.26"]
[Round "6.8"]
[White "Barbot, Pierre"]
[Black "Petre, Nad-Titus"]
[Result "1/2-1/2"]
[WhiteElo "2271"]
[BlackElo "2362"]
[PlyCount "125"]
[EventDate "2012.??.??"]

1. e4 d5 2. exd5 Qxd5 3. Nf3 Bg4 4. Be2 Nc6 5. d4 O-O-O 6. Be3 e5 7. c4 Qa5+ 8.
Bd2 Bb4 9. d5 Bxf3 10. Bxf3 Nd4 11. Nc3 Qa6 12. Be2 Nf6 13. a3 Rhe8 14. axb4
Qxa1 15. Qxa1 Nc2+ 16. Kf1 Nxa1 17. Bd1 c6 18. Ba4 b5 19. cxb5 cxd5 20. Ke2 d4
21. Rxa1 dxc3 22. bxc3 Re7 23. c4 Ne4 24. Be1 Rd4 25. c5 Nf6 26. Bb3 Nd5 27. g3
Kb8 28. Bd2 Rb7 29. Ra5 f6 30. Bxd5 Rxd5 31. Be3 Kc8 32. Kf3 f5 33. c6 Rbxb5
34. Rxa7 Rxb4 35. Rxg7 Rd3 36. Rxh7 f4 37. gxf4 exf4 38. Rh4 Rc4 39. Rxf4 Rxc6
40. h4 Rd5 41. Rf8+ Kd7 42. Bg5 Rc4 43. Kg3 Rc8 44. Rf7+ Ke8 45. Rf6 Rc7 46. f4
Rf7 47. Ra6 Kf8 48. Bf6 Rb7 49. Be5 Rbb5 50. Rf6+ Kg8 51. Rf5 Rd1 52. Rg5+ Kf7
53. Kg4 Rg1+ 54. Kf5 Rxg5+ 55. fxg5 Rb1 56. g6+ Kg8 57. Kg5 Rg1+ 58. Kh6 Rg4
59. Bf6 Rg1 60. g7 Rg2 61. Bg5 Rg1 62. Kg6 Rxg5+ 63. hxg5 1/2-1/2

[Event "27e Open International Avoine"]
[Site "Espace culturel d'Avoine-37420"]
[Date "2012.07.26"]
[Round "6.10"]
[White "Marie, Maxime"]
[Black "Guliyev, Namig"]
[Result "1/2-1/2"]
[WhiteElo "2192"]
[BlackElo "2539"]
[PlyCount "92"]
[EventDate "2012.??.??"]

1. e4 c5 2. Nf3 e6 3. d4 cxd4 4. Nxd4 Nf6 5. Nc3 d6 6. Be2 a6 7. a4 Nc6 8. Be3
Be7 9. f4 O-O 10. Bf3 Qc7 11. Nb3 b6 12. Qd2 Bb7 13. Rd1 Rac8 14. Qf2 Nd7 15.
g4 Rfe8 16. g5 Nb4 17. O-O Bf8 18. Rd2 Nc5 19. Nd4 d5 20. e5 Ne4 21. Bxe4 dxe4
22. h4 Rcd8 23. h5 Bc5 24. Nce2 Nd5 25. c3 Qd7 26. a5 bxa5 27. Kh2 a4 28. Ng3
a3 29. Nxe4 Nxe3 30. Qxe3 Bxe4 31. Qxe4 axb2 32. Rxb2 a5 33. Rb7 Qd5 34. Qxd5
Rxd5 35. Ra1 Ra8 36. g6 hxg6 37. hxg6 fxg6 38. Nxe6 Bf8 39. Kg3 Rd3+ 40. Kg4
Rxc3 41. Ng5 Rd8 42. e6 Re3 43. Rxa5 Rd2 44. Ra8 Rg2+ 45. Kh4 Rh2+ 46. Kg4 Rg2+
1/2-1/2

[Event "27e Open International Avoine"]
[Site "Espace culturel d'Avoine-37420"]
[Date "2012.07.26"]
[Round "6.12"]
[White "Tirard, Hugo"]
[Black "Nabavi, Parwis"]
[Result "1-0"]
[WhiteElo "2452"]
[BlackElo "2164"]
[PlyCount "61"]
[EventDate "2012.??.??"]

1. e4 e5 2. Nf3 Nc6 3. Bb5 a6 4. Ba4 Nf6 5. O-O Be7 6. d3 d6 7. c4 O-O 8. h3
Nd4 9. Nxd4 exd4 10. Nd2 Rb8 11. f4 b5 12. Bc2 Nd7 13. Nf3 c5 14. Qe1 Nb6 15.
b3 f5 16. exf5 Bxf5 17. g4 Bd7 18. Qg3 Bc6 19. Bd2 Qd7 20. f5 Rbd8 21. Rf2 b4
22. Raf1 Rde8 23. Nh2 Bf6 24. g5 Be5 25. Qh4 Bxh2+ 26. Kxh2 Qf7 27. Bd1 g6 28.
fxg6 Qxg6 29. Bh5 Rxf2+ 30. Rxf2 Qxd3 31. Bf7+ 1-0

[Event "27e Open International Avoine"]
[Site "Espace culturel d'Avoine-37420"]
[Date "2012.07.26"]
[Round "6.13"]
[White "Salles, Louis"]
[Black "Anton, Teodor"]
[Result "0-1"]
[WhiteElo "2147"]
[BlackElo "2423"]
[PlyCount "76"]
[EventDate "2012.??.??"]

1. e4 c5 2. Nf3 d6 3. d4 cxd4 4. Nxd4 Nf6 5. Nc3 a6 6. Bg5 e6 7. f4 Nbd7 8. Qf3
Qc7 9. O-O-O Be7 10. g4 b5 11. Bxf6 Nxf6 12. g5 Nd7 13. f5 Nc5 14. f6 gxf6 15.
gxf6 Bf8 16. Re1 Nd7 17. Bh3 Ne5 18. Qd1 Bd7 19. Kb1 O-O-O 20. Rhg1 Bh6 21. Rg2
Rdg8 22. Reg1 Rg6 23. Nf5 exf5 24. Nd5 Qc5 25. b4 Qa7 26. exf5 Rxg2 27. Ne7+
Kd8 28. Rxg2 Qe3 29. Rg3 Qd2 30. Qh1 Qxb4+ 31. Rb3 Qc5 32. Qa8+ Bc8 33. a4 Nc4
34. Rd3 Bg5 35. axb5 Qxb5+ 36. Rb3 Nd2+ 37. Ka1 Qa4+ 38. Kb2 Bxf6+ 0-1

[Event "27e Open International Avoine"]
[Site "Espace culturel d'Avoine-37420"]
[Date "2012.07.26"]
[Round "6.14"]
[White "David, Vincent"]
[Black "Louis, Thibault"]
[Result "0-1"]
[WhiteElo "2392"]
[BlackElo "2151"]
[PlyCount "58"]
[EventDate "2012.??.??"]

1. c4 Nf6 2. Nc3 e5 3. Nf3 Nc6 4. e3 Bb4 5. Qc2 O-O 6. Nd5 a5 7. Ng5 g6 8. h4
h6 9. Nxf6+ Qxf6 10. Ne4 Qg7 11. g4 Be7 12. a3 d6 13. g5 Bf5 14. Rg1 h5 15. Bd3
Kh8 16. b3 Nd8 17. Bb2 Ne6 18. f4 Bxe4 19. Bxe4 Nc5 20. Bf3 a4 21. b4 Nb3 22.
Rd1 Rae8 23. Bxb7 f6 24. gxf6 Rxf6 25. Bc6 Ref8 26. Bxa4 Nd4 27. exd4 Rxf4 28.
Qxg6 Qxg6 29. Rxg6 Re4# 0-1

[Event "27e Open International Avoine"]
[Site "Espace culturel d'Avoine-37420"]
[Date "2012.07.26"]
[Round "6.15"]
[White "Eden, James"]
[Black "Perrin, Guillaume"]
[Result "1/2-1/2"]
[WhiteElo "2129"]
[BlackElo "2349"]
[PlyCount "119"]
[EventDate "2012.??.??"]

1. e4 e6 2. d4 d5 3. Nc3 Bb4 4. e5 c5 5. a3 Bxc3+ 6. bxc3 Ne7 7. Qg4 Qc7 8.
Qxg7 Rg8 9. Qxh7 cxd4 10. Ne2 Nbc6 11. f4 Bd7 12. Qd3 dxc3 13. Nxc3 a6 14. Rb1
Nf5 15. g4 Nh4 16. Qh7 Ne7 17. Qxh4 Qxc3+ 18. Bd2 Qxc2 19. Rc1 Qe4+ 20. Kf2 Nc6
21. Rg1 Qd4+ 22. Be3 Qb2+ 23. Ke1 Qxa3 24. Qf2 Qb4+ 25. Qd2 Qxd2+ 26. Kxd2 Na5
27. Rc7 Rc8 28. Rxc8+ Bxc8 29. Bb6 Nc4+ 30. Bxc4 dxc4 31. Kc3 Rh8 32. Rg2 Bd7
33. Kxc4 Bc6 34. Rf2 Rh3 35. Bd4 Bf3 36. g5 Bc6 37. Kc5 Ke7 38. Kb6 Be4 39. Kc7
Kf8 40. Bc5+ Kg7 41. Re2 Bd5 42. Kd6 Rd3 43. Kc7 Rc3 44. Kb6 Rh3 45. Rd2 Kg6
46. Rf2 Kf5 47. Bd4 Rd3 48. Bc5 Rb3+ 49. Kc7 Kg4 50. Kd6 Bf3 51. g6 fxg6 52.
Kxe6 Rc3 53. Bd6 Kxf4 54. Kd7 Ke3 55. Rxf3+ Kxf3 56. e6 b5 57. e7 Re3 58. e8=Q
Rxe8 59. Kxe8 Kg2 60. Kd7 1/2-1/2

[Event "27e Open International Avoine"]
[Site "Espace culturel d'Avoine-37420"]
[Date "2012.07.26"]
[Round "6.17"]
[White "Stephan, Victor"]
[Black "Wenzel, Johannes"]
[Result "1-0"]
[WhiteElo "2253"]
[BlackElo "2136"]
[PlyCount "63"]
[EventDate "2012.??.??"]

1. d4 Nf6 2. c4 e6 3. g3 d5 4. Nf3 dxc4 5. Bg2 Bb4+ 6. Bd2 a5 7. Qc2 b5 8. a4
Bxd2+ 9. Qxd2 c6 10. axb5 cxb5 11. Qg5 O-O 12. Qxb5 Nbd7 13. Qxc4 Ba6 14. Qc2
Qb6 15. Nc3 Rab8 16. Rb1 Rfc8 17. O-O Rc4 18. Ne5 Nxe5 19. dxe5 Ng4 20. b3 Rxc3
21. Qxc3 Bxe2 22. Rfc1 Qxf2+ 23. Kh1 h5 24. Qe1 Qe3 25. h3 Nf2+ 26. Kh2 h4 27.
gxh4 Nd3 28. Rc3 Qxe5+ 29. Qg3 Qb5 30. Rg1 Kf8 31. Bc6 Qe5 32. Rxd3 1-0

[Event "27e Open International Avoine"]
[Site "Espace culturel d'Avoine-37420"]
[Date "2012.07.26"]
[Round "6.19"]
[White "Lesbros, Bernard"]
[Black "Decosse, Jean-Fabien"]
[Result "0-1"]
[WhiteElo "1989"]
[BlackElo "2216"]
[PlyCount "68"]
[EventDate "2012.??.??"]

1. Nf3 d6 2. d4 Nf6 3. c4 Nbd7 4. g3 e5 5. Nc3 c6 6. e4 Be7 7. Bg2 O-O 8. O-O
a6 9. b3 Qc7 10. Bb2 b5 11. c5 Rd8 12. cxd6 Bxd6 13. Rc1 Bb7 14. Nd5 Qb8 15.
Nxf6+ Nxf6 16. Qe2 Nd7 17. dxe5 Nxe5 18. Nd4 c5 19. Nf5 Bf8 20. f4 Ng6 21. h4
Ne7 22. Be5 Qa7 23. Nd6 Bc8 24. f5 Nc6 25. Bxg7 Bxg7 26. f6 Rxd6 27. e5 Re6 28.
Qg4 Rxf6 29. Qxg7+ Kxg7 30. exf6+ Kh6 31. Bxc6 Bb7 32. Bd7 Rd8 33. Bf5 Rd2 34.
Rfd1 c4+ 0-1

[Event "27e Open International Avoine"]
[Site "Espace culturel d'Avoine-37420"]
[Date "2012.07.26"]
[Round "6.20"]
[White "Ribeiro, Romain"]
[Black "Aubry, Yannis"]
[Result "1-0"]
[WhiteElo "2204"]
[BlackElo "2104"]
[PlyCount "55"]
[EventDate "2012.??.??"]

1. e4 e6 2. d3 d5 3. Nd2 c5 4. g3 Bd6 5. Bg2 Ne7 6. Ngf3 Nbc6 7. O-O O-O 8. Re1
Qc7 9. c3 d4 10. Nc4 e5 11. cxd4 cxd4 12. Bd2 f6 13. Rc1 Be6 14. Nh4 b5 15.
Nxd6 Qxd6 16. Nf5 Qd7 17. Rc5 Rfb8 18. f4 Rb6 19. Qc2 Rc8 20. Rc1 Rbb8 21. Bh3
Kh8 22. a3 g6 23. Nxe7 Nxe7 24. Bxe6 Qxe6 25. fxe5 fxe5 26. Bg5 Rxc5 27. Qxc5
Rb7 28. Rf1 1-0

[Event "27e Open International Avoine"]
[Site "Espace culturel d'Avoine-37420"]
[Date "2012.07.26"]
[Round "6.21"]
[White "Hartmann, Dominique"]
[Black "Bouget, Alexandre"]
[Result "1/2-1/2"]
[WhiteElo "1910"]
[BlackElo "2202"]
[PlyCount "123"]
[EventDate "2012.??.??"]

1. d4 Nf6 2. c4 g6 3. g3 Bg7 4. Bg2 d5 5. cxd5 Nxd5 6. e4 Nb6 7. Nc3 Bxd4 8.
Nge2 Bxc3+ 9. Nxc3 Qxd1+ 10. Kxd1 O-O 11. Nb5 Na6 12. Bg5 f6 13. Bh6 Rd8+ 14.
Ke2 Be6 15. b3 c6 16. Nc3 Rd7 17. Rhd1 Rad8 18. Rxd7 Rxd7 19. Rd1 Kf7 20. Be3
Nb4 21. Rxd7 Bxd7 22. Kd2 Na6 23. f4 e5 24. fxe5 fxe5 25. Bf1 Nc7 26. a4 Be6
27. a5 Nd7 28. b4 b6 29. Na4 b5 30. Nc5 Nf6 31. Nxe6 Kxe6 32. Bh3+ Ke7 33. Bxa7
Nxe4+ 34. Kd3 Nd6 35. Bb6 Na6 36. Kc3 Nf5 37. g4 Ng7 38. Bc5+ Nxc5 39. bxc5 Kd7
40. a6 Kc7 41. a7 Kb7 42. Bg2 Kxa7 43. Bxc6 Ne6 44. Kb4 Nd4 45. Bxb5 e4 46. Bc4
Nf3 47. h3 Ng1 48. h4 e3 49. Kc3 e2 50. Kd2 e1=Q+ 51. Kxe1 Nf3+ 52. Ke2 Nxh4
53. Ke3 h5 54. g5 Nf5+ 55. Kf4 Kb7 56. Bd5+ Kc7 57. Ke5 h4 58. Kf6 h3 59. Ba8
h2 60. Bh1 Ng3 61. Bg2 Nh5+ 62. Kf7 1/2-1/2

[Event "27e Open International Avoine"]
[Site "Espace culturel d'Avoine-37420"]
[Date "2012.07.26"]
[Round "6.22"]
[White "Dumitrache, Dragos-Nicolae"]
[Black "Hallay, Axel"]
[Result "1-0"]
[WhiteElo "2447"]
[BlackElo "1983"]
[PlyCount "89"]
[EventDate "2012.??.??"]

1. d4 e6 2. Nf3 Nf6 3. c4 b6 4. g3 Ba6 5. Qa4 Bb7 6. Bg2 Be7 7. O-O O-O 8. Nc3
c5 9. dxc5 Bxc5 10. Bf4 d5 11. Rad1 Qc8 12. Ne5 d4 13. Nb5 Bxg2 14. Kxg2 Qb7+
15. f3 Nc6 16. Nd6 Bxd6 17. Qxc6 Qxc6 18. Nxc6 Bxf4 19. gxf4 b5 20. Rxd4 bxc4
21. Rxc4 Nd5 22. Kf2 f5 23. Rfc1 Kf7 24. Ra4 Rfc8 25. Ne5+ Kf6 26. Rxc8 Rxc8
27. Nd3 Rc7 28. Ra6 Re7 29. Rd6 g5 30. fxg5+ Kxg5 31. Nc5 Nc7 32. Rd7 Rxd7 33.
Nxd7 f4 34. Nc5 h5 35. Kg2 Kf5 36. Kh3 Kg5 37. a3 Kf5 38. Kh4 Kg6 39. b4 Nb5
40. Nxe6 Kf5 41. a4 Nc3 42. Nd4+ Ke5 43. Nc6+ Kd5 44. Nxa7 Nxe2 45. Kxh5 1-0

[Event "27e Open International Avoine"]
[Site "Espace culturel d'Avoine-37420"]
[Date "2012.07.26"]
[Round "6.23"]
[White "Gallois, Jerome"]
[Black "Pietrasanta, Jeremy"]
[Result "0-1"]
[WhiteElo "1972"]
[BlackElo "2272"]
[PlyCount "26"]
[EventDate "2012.??.??"]

1. Nc3 Nf6 2. e4 d5 3. e5 Nfd7 4. Nxd5 Nxe5 5. Ne3 c5 6. Nf3 Nec6 7. Bc4 e6 8.
O-O a6 9. a4 b6 10. Re1 Be7 11. c3 Bf6 12. Nd5 Na5 13. Bf1 Qxd5 0-1

[Event "27e Open International Avoine"]
[Site "Espace culturel d'Avoine-37420"]
[Date "2012.07.26"]
[Round "6.27"]
[White "Yche, Michel"]
[Black "Come, Alexandre"]
[Result "1-0"]
[WhiteElo "1949"]
[BlackElo "2204"]
[PlyCount "79"]
[EventDate "2012.??.??"]

1. e4 c5 2. b4 b6 3. f4 Bb7 4. e5 e6 5. Nf3 Ne7 6. a3 Nd5 7. d4 cxb4 8. Bd2 a5
9. axb4 axb4 10. Rxa8 Bxa8 11. c4 bxc3 12. Nxc3 Nxc3 13. Bxc3 Qc7 14. Qd2 Be7
15. Bd3 O-O 16. O-O h6 17. f5 exf5 18. Bxf5 Bd5 19. Bb2 Qb7 20. Bb1 Be4 21. Ba2
b5 22. Bb3 Bd5 23. Bc2 Be4 24. Bb3 Na6 25. Kh1 Nc7 26. Qe3 Bd5 27. Bc2 Bc4 28.
Rf2 f5 29. exf6 Bxf6 30. Ne5 Qd5 31. Be4 Qd6 32. Ba3 Ra8 33. Bxa8 Qa6 34. Be4
b4 35. Bxb4 Qa1+ 36. Qe1 Qxd4 37. Nxc4 Qxc4 38. Rc2 Qd4 39. Rxc7 d5 40. Bg6 1-0

[Event "27e Open International Avoine"]
[Site "Espace culturel d'Avoine-37420"]
[Date "2012.07.26"]
[Round "6.28"]
[White "Mevel, Alberic"]
[Black "Rasse, Charlotte"]
[Result "1-0"]
[WhiteElo "2188"]
[BlackElo "1944"]
[PlyCount "45"]
[EventDate "2012.??.??"]

1. e4 Nc6 2. d4 d5 3. Nc3 dxe4 4. d5 Ne5 5. Bf4 Ng6 6. Bg3 Nf6 7. Nb5 e5 8.
dxe6 Bd6 9. Bxd6 cxd6 10. Nxd6+ Ke7 11. Nxf7 Qa5+ 12. c3 Bxe6 13. Nxh8 Rxh8 14.
Ne2 Rd8 15. Nd4 Nf4 16. Qd2 Qe5 17. g3 Nd3+ 18. Bxd3 exd3+ 19. Qe3 Ne4 20. O-O
Qd5 21. Rfe1 Ng5 22. h4 d2 23. Qxg5+ 1-0

[Event "27e Open International Avoine"]
[Site "Espace culturel d'Avoine-37420"]
[Date "2012.07.26"]
[Round "6.29"]
[White "Purenne, Benoit"]
[Black "Charrais, Kevin"]
[Result "1-0"]
[WhiteElo "2167"]
[BlackElo "1920"]
[PlyCount "63"]
[EventDate "2012.??.??"]

1. d4 d5 2. c4 c6 3. cxd5 cxd5 4. Nf3 Nf6 5. Nc3 Nc6 6. Bf4 Qb6 7. Qb3 Qa5 8.
e3 e6 9. Bd3 Be7 10. h3 O-O 11. O-O a6 12. Rfc1 Ne8 13. a3 Bd6 14. Ne5 Rb8 15.
Na4 Qd8 16. Qc2 Bxe5 17. dxe5 h6 18. Nc5 Ne7 19. b4 b5 20. a4 d4 21. e4 Ng6 22.
Bh2 Qg5 23. axb5 axb5 24. Qb2 Nxe5 25. f4 Nxd3 26. Nxd3 Qd8 27. f5 Nd6 28. Qxd4
Qb6 29. Nc5 Rd8 30. fxe6 fxe6 31. Qe5 Rb7 32. Ra6 1-0

[Event "27e Open International Avoine"]
[Site "Espace culturel d'Avoine-37420"]
[Date "2012.07.26"]
[Round "6.30"]
[White "Ratsma, Midas"]
[Black "Gesing, Oliver"]
[Result "0-1"]
[WhiteElo "1944"]
[BlackElo "2165"]
[PlyCount "99"]
[EventDate "2012.??.??"]

1. d4 d5 2. c4 c6 3. Nf3 Nf6 4. Nc3 dxc4 5. e4 b5 6. e5 Nd5 7. a4 e6 8. axb5
Nxc3 9. bxc3 cxb5 10. Ng5 Bb7 11. Qg4 Be7 12. Be2 h5 13. Qg3 Bd5 14. O-O Nc6
15. f4 g6 16. Bd1 a5 17. Bc2 Bxg5 18. fxg5 Rb8 19. Qf4 Qe7 20. Rf2 Rb7 21. Be4
Bxe4 22. Qxe4 Qd7 23. Rf6 O-O 24. h4 b4 25. Bb2 bxc3 26. Bxc3 Rb3 27. Rc1 Rd8
28. Kh2 Kg7 29. Qf4 Qe7 30. Ba1 Nb4 31. Rxc4 Nd5 32. Qf2 Ne3 33. Qa2 Qb7 34.
Rc7 Ng4+ 35. Kg1 Rb1+ 36. Qxb1 Qxb1+ 37. Rf1 Qb4 38. Rfxf7+ Kg8 39. Bc3 Qa3 40.
Kf1 Ne3+ 41. Ke2 Nf5 42. g4 hxg4 43. h5 gxh5 44. g6 Qa2+ 45. Kd3 Qb1+ 46. Kc4
Qf1+ 47. Kc5 Rb8 48. Rb7 Rxb7 49. Rxb7 Qf3 50. Rd7 0-1

[Event "27e Open International Avoine"]
[Site "Espace culturel d'Avoine-37420"]
[Date "2012.07.26"]
[Round "6.31"]
[White "Mattheys, Eddy"]
[Black "Leruste, Georges"]
[Result "1-0"]
[WhiteElo "1940"]
[BlackElo "2161"]
[PlyCount "73"]
[EventDate "2012.??.??"]

1. d4 e6 2. c4 c5 3. d5 Nf6 4. Nc3 exd5 5. cxd5 Bd6 6. e4 O-O 7. Nf3 Re8 8. Qc2
Bc7 9. Bd3 d6 10. O-O a6 11. a4 Nbd7 12. Bg5 h6 13. Bh4 Nf8 14. h3 Ng6 15. Bg3
Rb8 16. Rfe1 Bd7 17. b3 Nh5 18. Bh2 Nhf4 19. Bf1 Qf6 20. Re3 Ba5 21. Ra2 c4 22.
Ne2 Bb6 23. Nxf4 Nxf4 24. Rc3 cxb3 25. Qxb3 Ba5 26. Re3 Rec8 27. Rc2 Rxc2 28.
Qxc2 Rc8 29. Qb3 Rc1 30. e5 Nxh3+ 31. gxh3 Bxh3 32. Bg3 Rxf1+ 33. Kh2 Qf5 34.
Nh4 Qc8 35. e6 fxe6 36. dxe6 d5 37. Qxd5 1-0

[Event "27e Open International Avoine"]
[Site "Espace culturel d'Avoine-37420"]
[Date "2012.07.26"]
[Round "6.32"]
[White "Cau, Benjamin"]
[Black "Julien, Clement"]
[Result "1-0"]
[WhiteElo "2158"]
[BlackElo "1912"]
[PlyCount "37"]
[EventDate "2012.??.??"]

1. e4 e5 2. Nf3 Nc6 3. Bb5 a6 4. Bxc6 dxc6 5. O-O Bg4 6. h3 h5 7. d3 Qf6 8.
Nbd2 Ne7 9. Nc4 Ng6 10. hxg4 hxg4 11. Bg5 Qe6 12. Nh2 g3 13. Ng4 Bc5 14. Be3
Bxe3 15. Ncxe3 gxf2+ 16. Rxf2 Nf4 17. Rf1 O-O-O 18. g3 Nh3+ 19. Kg2 1-0

[Event "27e Open International Avoine"]
[Site "Espace culturel d'Avoine-37420"]
[Date "2012.07.26"]
[Round "6.33"]
[White "Algaba, Pedro"]
[Black "Le Goff, Ronan"]
[Result "0-1"]
[WhiteElo "1902"]
[BlackElo "2124"]
[PlyCount "82"]
[EventDate "2012.??.??"]

1. e4 e5 2. Nf3 Nc6 3. Bb5 a6 4. Ba4 Nf6 5. O-O b5 6. Bb3 Be7 7. Re1 O-O 8. d4
d6 9. c3 Bg4 10. d5 Na5 11. Bc2 c5 12. b3 Ne8 13. h3 Bd7 14. Nbd2 g6 15. Nf1
Ng7 16. Bh6 f6 17. Ng3 Rf7 18. Nh2 Bf8 19. Qd2 Qc8 20. Qe2 Nh5 21. Bxf8 Nf4 22.
Qf3 Qxf8 23. Ne2 Nxe2+ 24. Qxe2 f5 25. Rad1 Nb7 26. Nf3 f4 27. Kh2 Kh8 28. Rg1
Qh6 29. Ne1 Raf8 30. f3 g5 31. Rd2 g4 32. fxg4 Rg8 33. Nf3 Rxg4 34. Rh1 Rg3 35.
Kg1 Rfg7 36. Kf1 Bg4 37. Qf2 Bxf3 38. gxf3 Rxh3 39. Rh2 Rgg3 40. Bd1 Rxh2 41.
Qxh2 Rh3 0-1

[Event "27e Open International Avoine"]
[Site "Espace culturel d'Avoine-37420"]
[Date "2012.07.26"]
[Round "6.34"]
[White "Lebret, Jean-Michel"]
[Black "Mauffrey, Hugues"]
[Result "0-1"]
[WhiteElo "2101"]
[BlackElo "1906"]
[PlyCount "56"]
[EventDate "2012.??.??"]

1. e4 c5 2. Nc3 Nc6 3. g3 g6 4. Bg2 Bg7 5. d3 e6 6. Be3 d6 7. Qd2 Bd7 8. f4
Nge7 9. Nge2 Qa5 10. O-O O-O 11. d4 cxd4 12. Nxd4 d5 13. f5 exf5 14. Nxc6 Nxc6
15. exd5 Ne5 16. Bd4 Rac8 17. b4 Qxb4 18. Rab1 Qxd4+ 19. Qxd4 Nf3+ 20. Bxf3
Bxd4+ 21. Kg2 Rxc3 22. Rxb7 Rxc2+ 23. Kh3 Rd8 24. Re1 f4+ 25. g4 h5 26. Re7
hxg4+ 27. Bxg4 Rc3+ 28. Kh4 Bf6# 0-1

[Event "27e Open International Avoine"]
[Site "Espace culturel d'Avoine-37420"]
[Date "2012.07.26"]
[Round "6.35"]
[White "Gaudin, Eric"]
[Black "Navrotescu, Andreea-Cristiana"]
[Result "0-1"]
[WhiteElo "1883"]
[BlackElo "2100"]
[PlyCount "104"]
[EventDate "2012.??.??"]

1. e4 c5 2. Nf3 Nc6 3. d4 cxd4 4. Nxd4 e5 5. Nb5 d6 6. N1c3 a6 7. Na3 b5 8. Nd5
Nge7 9. Bg5 f6 10. Be3 Nxd5 11. Qxd5 Bb7 12. f3 Na5 13. Qd2 Rc8 14. Rd1 Be7 15.
Be2 O-O 16. O-O g6 17. Nb1 f5 18. Nc3 Kh8 19. Rc1 Nc4 20. Bxc4 Rxc4 21. Nd5
Bxd5 22. Qxd5 f4 23. Bf2 Qc7 24. c3 b4 25. Be1 Rc8 26. g3 fxg3 27. hxg3 Qb6+
28. Bf2 Qc6 29. Qf7 Qc7 30. Qd5 bxc3 31. b3 Rc6 32. Kg2 Bf6 33. f4 exf4 34.
gxf4 Qd7 35. e5 Qg4+ 36. Bg3 Bh4 37. Qf3 Qxg3+ 38. Qxg3 Bxg3 39. Kxg3 dxe5 40.
fxe5 Kg7 41. Rf3 c2 42. Rf2 Rc3+ 43. Kg2 h5 44. Rf6 a5 45. Rd6 R8c7 46. Kf2
R3c5 47. e6 g5 48. Rd7+ Kf8 49. Rd8+ Ke7 50. Rh8 h4 51. Rh6 R7c6 52. Rh7+ Kxe6
0-1